Quizzes
Events
Quiz Creation
Community
Videos
Private Events
Remove Ads
Sign In
Join for FREE
Feedback
Dark Mode
Quiz Categories
Sports
Geography
Music
Movies
Television
Just For Fun
Miscellaneous
History
Literature
Language
Science
Gaming
Entertainment
Religion
Holiday
For Kids
Quiz Lab
Recent
Popular Today
Quiz Kudos Today
Editor Picks
Curator Picks
Quizzes by...
Day
Popularity
Type
Ratings
Length
Year
Community
Subscriptions
Recent Discussions
Orange Saloon
Badges
Playlists
Quests
Create
Leaderboards
Showdown
Live 5
Trivia Bingo
Activity
Puzzle Library
Sporcle Events
Private Events
Virtual Trivia
Globe League
Become a Host
Pub Owners
SporcleCon
Opinionation
Our Games
Videos
Blog
Mobile Apps
Partnerships
Remove Ads and Go Orange
Feedback
Television
TV Characters
TV Show
Sitcom
Network
Friends
Reality Shows
Cast
South Park
Star Trek
The Simpsons
Doctor Who
Television
TV Characters
TV Show
Sitcom
Network
Friends
Reality Shows
Cast
South Park
Star Trek
The Simpsons
Doctor Who
Random Quiz
Search Sporcle
×
Quiz Lab
Quiz Lab
Television
City
Type in answers that appear in a list
Type in answers that appear in a list
Classic
Best Score? Go Orange.
Current TV Show by City Stats
Can you name the TV Show by City?
By
bronbron34
10m
26 Questions
218 Plays
218 Plays
218 Plays
Comments
Comments
Give Quiz Kudos
Give Quiz Kudos
-
- Ratings
hide this ad
More Info
Replay
Link that replays current quiz
Next Quiz
Link to next quiz in quiz playlist
You Got
0%
They Got
Avg Score
28%
Avg Friend Score
Upgrade to see
Score Distribution
Jump to the score distribution portion of the page
Score
0/26
Timer
10:00
0
Plays Today
City
Show
% Correct
CSI
85.3%
CSI
84.9%
NCIS
49.5%
Its Always Sunny in Philadelphia
49.5%
NCIS
49.1%
New York City
Law and Order
42.2%
Dexter
40.8%
24
37.6%
Gossip Girl
33.9%
Entourage
33.5%
Miami
Burn Notice
33.5%
Washington
Bones
27.5%
Los Angeles
Two and a Half Men
24.8%
City
Show
% Correct
How I Met Your Mother
22%
Curb your Enthusiasm
16.1%
Philadelphia
Cold Case
16.1%
NipTuck
15.1%
Criminal Minds
15.1%
Damages
12.8%
Flashforward
11.5%
Private Practice
11%
Brothers and Sisters
10.6%
How to Make it in America
6.9%
Lie to Me
6.9%
Bored to Death
4.1%
Ugly Betty
4.1%
Quiz Playlist
Details
Report
Send in Message
Add To Playlist
More Info:
Name the current TV Shows that are located in each of the cities. No reality shows but are on a variety of networks
Classic:
Type in answers that appear in a list
Quiz Source
Last Updated: Feb 16, 2017
Quiz Scoreboard
CHALLENGE
Sign Up to Join the Scoreboard
Show All
Scores
Hide
Comments
May contain spoilers
Recently Published
Presidents Visiting Landmarks
by Hejman
History
7m
An Introduction to Baseball
by treessimontrees
Sports
5m
Movies - When Are They Set?
by FPL_Elf
Movies
5m
More to Explore
Quiz From the Vault
Featured Blog Post
Where Did the Easter Bunny Come From?
hide this ad
You Might Also Like...
Tags
City Quiz
Show Quiz
Today's Top Quizzes in Television
Browse Television
hide this ad
Today's Top Quizzes in City
Browse City
Top Contributed Quizzes in Television
1
5-to-1: The Simpsons Families
2
One Piece Logic Puzzle
3
5-to-1: Television Doctors
4
7-to-1: TV Show Settings
5
5-to-1: Streaming Originals
6
Survivor Logic Puzzle: Heroes vs. Villains
7
Survivor Seasons
8
Survivor Season by Logo
9
One Thing in Common: Television
10
Survivor Trivia
Explore More
Trending Topics
Crossword
Anime
Marvel
Kpop
NBA
Disney
Harry Potter
Song
Pokémon
Puzzle
Soccer
The Office
Country
NFL
WWE
hide this ad
More By:
bronbron34
Quiz
Plays
Rating
Category
Featured
Created
Current TV Show by City
218
1.67
Television
Apr 8, 2010
Go to Creator's Profile
Score Distribution
Quiz Creator Spotlight
bronbron34
Follow
Send a Message
Quizzes Created
-
Created Quiz Play Count
-
More By This Creator
Popular Quizzes Today
1
Find the US States - No Outlines Minefield
2
Find the Countries of Europe - No Outlines Minefield
3
The Countries of the World
4
Find the US States
5
Popular People in 1961
6
US States
7
Risky Map Clicking: Biggest States A-Z
8
Movies - When Are They Set?
More Television Quizzes
Game of Thrones: The Crowns of Westeros
Editor's Pick
Trending Quizzes
Risky Map Clicking: Least Populous States A-Z
1-10 Letter G Words
1-10 Letter F Words
Risky Map Clicking: Next State Alphabetically
Risky Map Clicking: Biggest States A-Z
Recently Updated
Leaping Animals
pecheneg
Reality TV Shows (A-Z)
bhenderson79
Rickey Henderson's Hall of Fame Teammates
pecheneg
Champions League XIs: Arsenal
pecheneg
Quick Pick: Celebrities in WWE's Hall of Fame
aduchscher
A-Z Keypad Blitz II
pecheneg
Multiple Oscar Actors
pecheneg
Mystery Phrase Blitz: Oscar 'Best Actors'
pecheneg
F. Scott Fitzgerald Novels
LTH
Pick 3 Villains
ddd62291
Trending Topics
Anime
Harry Potter
NBA
Kpop
Marvel
Disney
Crossword
The Office
Puzzle
Soccer
Song
Pokémon
NFL
WWE
Country
Your Account Isn't Verified!
In order to create a playlist on Sporcle, you need to verify the email address you used during registration. Go to your
Sporcle Settings
to finish the process.
Report this User
Report this user for behavior that violates our
Community Guidelines
.
Details:
Send Report
Go to the Sporcle.com Mobile Site →
Comments